LEADER 01884oam 2200553 450 001 9910711344003321 005 20181221075051.0 035 $a(CKB)5470000002482592 035 $a(OCoLC)961366746 035 $a(OCoLC)995470000002482592 035 $a(EXLCZ)995470000002482592 100 $a20161028d1965 ua 0 101 0 $aeng 135 $aur||||||||||| 181 $ctxt$2rdacontent 182 $cc$2rdamedia 183 $acr$2rdacarrier 200 10$aMagnitude and frequency of floods in the United States$hPart 3-A$iOhio River basin Cumberland and Tennessee River basins /$fby Paul R. Speer and Charles R. Gamble 210 1$a[Washington, D.C.] :$cUnited States Department of the Interior, Geological Survey,$d1965. 210 2$aWashington :$cUnited States Government Printing Office. 215 $a1 online resource (xiv, 630 pages, 1 page of plates) $cillustrations, maps 225 1 $aGeological Survey water-supply paper ;$v1675 320 $aIncludes bibliographical references (pages 619-620) and index. 606 $aFloods$zOhio River Watershed 606 $aFloods$zCumberland River Watershed (Ky. and Tenn.) 606 $aFloods$zTennessee River Watershed 606 $aStream measurements 606 $aFloods$2fast 606 $aStream measurements$2fast 607 $aOhio River Watershed$2fast 615 0$aFloods 615 0$aFloods 615 0$aFloods 615 0$aStream measurements. 615 7$aFloods. 615 7$aStream measurements. 700 $aSpeer$b Paul R.$01407079 712 02$aGeological Survey (U.S.), 801 0$bCOP 801 1$bCOP 801 2$bOCLCO 801 2$bOCLCF 801 2$bGPO 801 2$bMERUC 801 2$bGPO 906 $aBOOK 912 $a9910711344003321 996 $aMagnitude and frequency of floods in the United States$93499579 997 $aUNINA LEADER 01637nam 2200421 a 450 001 9910701477403321 005 20250109110117.0 035 $a(CKB)5470000002418301 035 $a(OCoLC)776214188 035 $a(MiFhGG)SMIT002041 035 $a(EXLCZ)995470000002418301 100 $a20120213d2012 ua 0 101 0 $aeng 135 $aurbn||||||||| 181 $ctxt$2rdacontent 182 $cc$2rdamedia 183 $acr$2rdacarrier 200 10$aAviation $etransport services : agreement between the United States of America and Thailand signed at Washington, September 19, 2005, with annexes 210 1$a[Washington, D.C.] :$cU.S. Dept. of State,$d[2012?] 215 $a1 online resource (23 unnumbered pages) 225 1 $aTreaties and other international acts series ;$v05-919 300 $aTitle from title screen (viewed on Feb. 13, 2012). 517 $aAviation 606 $aAeronautics, Commercial$xLaw and legislation$zUnited States 606 $aAeronautics, Commercial$xLaw and legislation$zThailand 606 $aAeronautics$xSecurity measures$xInternational cooperation 606 $aAeronautics$xSafety measures$xInternational cooperation 615 0$aAeronautics, Commercial$xLaw and legislation 615 0$aAeronautics, Commercial$xLaw and legislation 615 0$aAeronautics$xSecurity measures$xInternational cooperation. 615 0$aAeronautics$xSafety measures$xInternational cooperation. 712 02$aUnited States.$bDepartment of State. 801 0$bGPO 801 1$bGPO 906 $aBOOK 912 $a9910701477403321 996 $aAviation$9799860 997 $aUNINA LEADER 01889nam 2200433z- 450 001 9910347046403321 005 20210211 010 $a1000044824 035 $a(CKB)4920000000102052 035 $a(oapen)https://directory.doabooks.org/handle/20.500.12854/41929 035 $a(oapen)doab41929 035 $a(EXLCZ)994920000000102052 100 $a20202102d2013 |y 0 101 0 $ager 135 $aurmn|---annan 181 $ctxt$2rdacontent 182 $cc$2rdamedia 183 $acr$2rdacarrier 200 00$aBeleuchtungsverfahren zur problemspezifischen Bildgewinnung fu?r die automatische Sichtpru?fung 210 $cKIT Scientific Publishing$d2013 215 $a1 online resource (XXIV, 239 p. p.) 225 1 $aSchriftenreihe Automatische Sichtprüfung und Bildverarbeitung 311 08$a3-7315-0313-1 330 $aIn machine vision, the illumination design has direct impact on the performance of a visual inspection system. In this work, a problem-specific illumination design is presented, which is motivated by optical feature extraction taking place during physical image acquisition. The approach is analyzed on the basis of a physically based camera and illumination model and is experimentally evaluated in different application scenarios. 610 $aAutomated Visual Inspection 610 $aAutomatische Sichtpru?fung 610 $aBeleuchtungsmodellierung 610 $aBeleuchtungsoptimierung 610 $aComputational Illumination 610 $ainverse Beleuchtung 610 $ainverse illumination 610 $alight fields 610 $aMachine Vision 610 $aoptische Merkmalsextraktion 700 $aGruna$b Robin$4auth$01277791 906 $aBOOK 912 $a9910347046403321 996 $aBeleuchtungsverfahren zur problemspezifischen Bildgewinnung für die automatische Sichtprüfung$93012067 997 $aUNINA